Áp dụng phương pháp tọa độ để giải một số bài toán sơ cấp

Hệ thống hóa một cách chi tiết các vấn đề lý thuyết về phương pháp tọa độ. Xây dựng hệ thống bài tập vận dụng, để từ đó thấy được tầm quan trọng và tính thiết thực của lý thuyết phương pháp tọa độ đối với các dạng bài toán....

Descripció completa

Guardat en:
Dades bibliogràfiques
Autor principal: Nguyễn Đăng Trung
Altres autors: Lê Hoàng Trí TS. (Hướng dẫn)
Format: Llibre
Publicat: Đà Nẵng Đại học Đà Nẵng 2016
Matèries:
Etiquetes: Afegir etiqueta
Sense etiquetes, Sigues el primer a etiquetar aquest registre!
Thư viện lưu trữ: Mạng thư viện Đại học Đà Nẵng
LEADER 01799nam a2200361 4500
001 000024365
003 20853
005 20161223081242.0
008 161205s2016 sd
082 1 4 |a 516.16  |b NG-T 
100 1 |a Nguyễn Đăng Trung 
245 1 0 |a Áp dụng phương pháp tọa độ để giải một số bài toán sơ cấp  |c Nguyễn Đăng Trung ; Lê Hoàng Trí hướng dẫn  |k Luận văn tốt nghiệp 
260 |a Đà Nẵng  |b Đại học Đà Nẵng  |c 2016 
300 |a 74 tr. ; phụ lục 3 tr.  |c 29 cm.  |e Tóm tắt 
500 |a Luận văn Thạc sĩ Khoa Học. Chuyên ngành : Phương pháp toán sơ cấp. Mã số: 60 46 01 13 
520 3 |a Hệ thống hóa một cách chi tiết các vấn đề lý thuyết về phương pháp tọa độ. Xây dựng hệ thống bài tập vận dụng, để từ đó thấy được tầm quan trọng và tính thiết thực của lý thuyết phương pháp tọa độ đối với các dạng bài toán. 
650 0 4 |a Phương pháp tọa độ  |v Luận văn thạc sĩ  |x Bài toán sơ cấp 
653 |a Bài toán sơ cấp 
653 |a Phương pháp toán sơ cấp 
653 |a Phương pháp tọa độ 
653 |a Phương trình 
653 |a Hình học 
700 1 |a Lê Hoàng Trí  |c TS.  |e Hướng dẫn 
OWN |a LSP 
AVA |a UDN50  |b LSP  |d 516.16 NG-T  |e available  |t Error 5001 Not defined in file expand_doc_bib_avail.  |f 1  |g 0  |h N  |i 0  |k 1 
999 |a From the UDN01 
AVA |a UDN50  |b LSP  |d 516.16 NG-T  |e available  |t Error 5001 Not defined in file expand_doc_bib_avail.  |f 1  |g 0  |h N  |i 0  |k 1 
TYP |a Monograph 
TYP |a Printed language 
980 |a Mạng thư viện Đại học Đà Nẵng